[Event "DVM U16 2022"]
[Site "Darmstadt GER"]
[Date "2022.12.27"]
[Round "1"]
[White "Gotfried, Elias"]
[Black "Rohm, Linus"]
[Result "0-1"]
[Termination "normal"]
[Board "6.2"]
[WhiteElo "1172"]
[BlackElo "1854"]
[WhiteClock "00:39:16"]
[BlackClock "00:33:11"]
[WhiteTeam "Stuttgarter SF 1879"]
[BlackTeam "SchachAkademiePaderborn e. V."]
[PlyCount "121"]
[WhiteFideId "34630171"]
[BlackFideId "16298217"]
[EventCountry "GER"]
[EventRounds "7"]
[EventType "team-swiss"]
[EventDate "2022.12.26"]

1. e4 {[%clk 1:30:58]} d6 {[%clk 1:30:28]} 2. d4 {[%clk 1:31:03]} Nf6 {[%clk
1:30:52]} 3. Nc3 {[%clk 1:31:03]} e5 {[%clk 1:30:55]} 4. dxe5 {[%clk 1:30:46]}
dxe5 {[%clk 1:30:29]} 5. Qxd8 {[%clk 1:30:55]} Kxd8 {[%clk 1:30:58]} 6. Bc4
{[%clk 1:31:01]} Bb4 {[%clk 1:30:55]} 7. f3 {[%clk 1:29:25]} Ke7 {[%clk
1:27:02]} 8. Nge2 {[%clk 1:28:14]} c6 {[%clk 1:26:48]} 9. Be3 {[%clk 1:26:21]}
Nbd7 {[%clk 1:23:24]} 10. O-O {[%clk 1:24:00]} b5 {[%clk 1:17:26]} 11. Bb3
{[%clk 1:22:15]} a5 {[%clk 1:12:40]} 12. a4 {[%clk 1:21:07]} Nc5 {[%clk
1:05:22]} 13. Rfd1 {[%clk 1:12:26]} Nxb3 {[%clk 1:04:10]} 14. cxb3 {[%clk
1:12:45]} Be6 {[%clk 0:55:16]} 15. axb5 {[%clk 1:11:44]} Bxb3 {[%clk 0:55:14]}
16. Rdc1 {[%clk 1:11:13]} c5 {[%clk 0:45:09]} 17. Na2 {[%clk 1:08:45]} Bxa2
{[%clk 0:44:55]} 18. Rxa2 {[%clk 1:05:35]} Rhc8 {[%clk 0:44:00]} 19. Nc3 {[%clk
1:02:13]} Rab8 {[%clk 0:43:06]} 20. Bg5 {[%clk 0:59:51]} Bxc3 {[%clk 0:40:50]}
21. bxc3 {[%clk 1:00:00]} Rxb5 {[%clk 0:39:47]} 22. c4 {[%clk 1:00:22]} Rb6
{[%clk 0:38:02]} 23. Rxa5 {[%clk 1:00:18]} h6 {[%clk 0:37:32]} 24. Bxf6 {[%clk
0:59:16]} Kxf6 {[%clk 0:37:01]} 25. Kf1 {[%clk 0:55:44]} Rb2 {[%clk 0:36:48]}
26. Ra6 {[%clk 0:54:40]} Kg5 {[%clk 0:35:30]} 27. Ra7 {[%clk 0:53:08]} Kg6
{[%clk 0:33:32]} 28. Ra6 {[%clk 0:53:13]} f6 {[%clk 0:33:39]} 29. Ra5 {[%clk
0:51:36]} h5 {[%clk 0:27:57]} 30. h4 {[%clk 0:49:48]} Rd8 {[%clk 0:26:07]} 31.
Rxc5 {[%clk 0:49:07]} Rdd2 {[%clk 0:26:36]} 32. Rb5 {[%clk 0:42:59]} Rf2 {[%clk
0:26:45]} 33. Ke1 {[%clk 0:41:25]} Rbe2 {[%clk 0:27:04]} 34. Kd1 {[%clk
0:41:43]} Rxg2 {[%clk 0:27:18]} 35. Ra1 {[%clk 0:33:43]} Ref2 {[%clk 0:26:24]}
36. Ke1 {[%clk 0:33:52]} Rxf3 {[%clk 0:26:40]} 37. Rbb1 {[%clk 0:32:58]} Rh3
{[%clk 0:26:20]} 38. Kf1 {[%clk 0:33:15]} Rc2 {[%clk 0:26:43]} 39. Kg1 {[%clk
0:33:22]} Rxc4 {[%clk 0:27:00]} 40. Re1 {[%clk 0:33:46]} Rxh4 {[%clk 0:27:21]}
41. Kf2 {[%clk 0:34:09]} Rcxe4 {[%clk 0:27:29]} 42. Rg1 {[%clk 0:34:21]} Rhg4
{[%clk 0:27:46]} 43. Rgc1 {[%clk 0:34:29]} Ref4 {[%clk 0:28:03]} 44. Ke3 {[%clk
0:34:44]} Rg3 {[%clk 0:28:27]} 45. Ke2 {[%clk 0:35:09]} e4 {[%clk 0:28:38]} 46.
Rg1 {[%clk 0:35:24]} Rxg1 {[%clk 0:28:58]} 47. Rxg1 Rg4 48. Rf1 {[%clk
0:35:28]} f5 {[%clk 0:29:14]} 49. Ke3 {[%clk 0:35:45]} Kf6 {[%clk 0:29:27]} 50.
Ke2 {[%clk 0:36:07]} Ke5 {[%clk 0:29:50]} 51. Rh1 {[%clk 0:36:25]} g6 {[%clk
0:30:12]} 52. Rh2 {[%clk 0:36:46]} f4 {[%clk 0:30:36]} 53. Rh1 {[%clk 0:37:07]}
Rg2 {[%clk 0:31:01]} 54. Ke1 {[%clk 0:37:27]} e3 {[%clk 0:31:23]} 55. Kd1
{[%clk 0:37:36]} f3 {[%clk 0:31:43]} 56. Rh3 {[%clk 0:37:42]} Kf4 {[%clk
0:31:57]} 57. Rh4 {[%clk 0:38:05]} Kg3 {[%clk 0:32:15]} 58. Re4 {[%clk
0:38:30]} Rg1 {[%clk 0:32:31]} 59. Kc2 {[%clk 0:38:54]} f2 {[%clk 0:32:49]} 60.
Rxe3 {[%clk 0:39:16]} Kf4 {[%clk 0:33:11]} 61. Kd2 0-1

[Event "DVM U16 2022"]
[Site "Darmstadt GER"]
[Date "2022.12.27"]
[Round "1"]
[White "Gering, Jakob"]
[Black "Sökler, Jakob"]
[Result "1/2-1/2"]
[Termination "normal"]
[Board "6.3"]
[WhiteElo "1539"]
[BlackElo "1585"]
[WhiteClock "00:04:20"]
[BlackClock "00:16:14"]
[WhiteTeam "SchachAkademiePaderborn e. V."]
[BlackTeam "Stuttgarter SF 1879"]
[PlyCount "113"]
[WhiteFideId "16298225"]
[BlackFideId "34630350"]
[EventCountry "GER"]
[EventRounds "7"]
[EventType "team-swiss"]
[EventDate "2022.12.26"]

1. d4 {[%clk 1:30:57]} d5 {[%clk 1:30:55]} 2. Nf3 {[%clk 1:31:12]} Nf6 {[%clk
1:31:18]} 3. g3 {[%clk 1:31:33]} e6 {[%clk 1:30:52]} 4. Bg2 {[%clk 1:31:56]}
Be7 {[%clk 1:30:57]} 5. O-O {[%clk 1:32:16]} O-O {[%clk 1:28:49]} 6. c4 {[%clk
1:32:34]} c6 {[%clk 1:29:02]} 7. Nbd2 {[%clk 1:30:53]} Nbd7 {[%clk 1:28:47]} 8.
Qc2 {[%clk 1:29:51]} Qc7 {[%clk 1:25:01]} 9. e4 {[%clk 1:24:18]} dxe4 {[%clk
1:24:45]} 10. Nxe4 {[%clk 1:23:22]} Nxe4 {[%clk 1:23:25]} 11. Qxe4 {[%clk
1:23:36]} Nf6 {[%clk 1:20:28]} 12. Qc2 {[%clk 1:19:15]} b6 {[%clk 1:13:49]} 13.
Bf4 {[%clk 1:07:33]} Bd6 {[%clk 1:12:45]} 14. Be5 {[%clk 0:59:59]} Bxe5 {[%clk
0:57:08]} 15. Nxe5 {[%clk 0:50:39]} Bb7 {[%clk 0:56:01]} 16. c5 {[%clk
0:47:06]} b5 {[%clk 0:49:11]} 17. Rfd1 {[%clk 0:33:05]} Nd5 {[%clk 0:42:40]}
18. Be4 {[%clk 0:26:27]} Nf6 {[%clk 0:37:46]} 19. Bd3 {[%clk 0:22:40]} Rfd8
{[%clk 0:36:17]} 20. Qe2 {[%clk 0:21:21]} a6 {[%clk 0:27:24]} 21. Bc2 {[%clk
0:19:33]} Qe7 {[%clk 0:25:33]} 22. Qf3 {[%clk 0:15:12]} Rac8 {[%clk 0:23:03]}
23. h4 {[%clk 0:11:40]} Nd5 {[%clk 0:21:40]} 24. Qd3 {[%clk 0:11:03]} g6 {[%clk
0:21:22]} 25. a3 {[%clk 0:10:52]} Kg7 {[%clk 0:19:51]} 26. Qd2 {[%clk 0:10:26]}
Nf6 {[%clk 0:19:05]} 27. g4 {[%clk 0:09:03]} Nd5 {[%clk 0:17:45]} 28. Nf3
{[%clk 0:08:22]} Nf6 {[%clk 0:16:30]} 29. Ne5 {[%clk 0:08:39]} Nd5 {[%clk
0:16:42]} 30. Nf3 {[%clk 0:05:43]} Nf6 {[%clk 0:16:53]} 31. Qf4 {[%clk
0:05:46]} Nd5 {[%clk 0:16:43]} 32. Qe5 {[%clk 0:05:36]} Qf6 {[%clk 0:14:53]}
33. Qxf6 {[%clk 0:05:48]} Nxf6 {[%clk 0:14:41]} 34. Ne5 {[%clk 0:04:58]} Nd7
{[%clk 0:13:30]} 35. Be4 {[%clk 0:03:50]} Nf6 {[%clk 0:11:11]} 36. Bh1 {[%clk
0:03:16]} Nd5 {[%clk 0:10:56]} 37. g5 {[%clk 0:03:05]} Ne7 {[%clk 0:10:42]} 38.
Be4 {[%clk 0:02:45]} Nd5 {[%clk 0:09:22]} 39. Rd2 {[%clk 0:02:17]} a5 {[%clk
0:08:12]} 40. Kh2 {[%clk 0:01:21]} a4 {[%clk 0:07:40]} 41. Kg3 {[%clk 0:27:21]}
f6 {[%clk 0:31:36]} 42. Nf3 {[%clk 0:24:24]} f5 {[%clk 0:30:41]} 43. Bxd5
{[%clk 0:23:10]} Rxd5 {[%clk 0:29:30]} 44. Re1 {[%clk 0:21:00]} Re8 {[%clk
0:29:34]} 45. Re5 {[%clk 0:16:27]} Bc8 {[%clk 0:27:44]} 46. Rxd5 {[%clk
0:14:31]} exd5 {[%clk 0:27:07]} 47. Ne5 {[%clk 0:14:15]} Re6 {[%clk 0:25:09]}
48. f4 {[%clk 0:13:57]} Kf8 {[%clk 0:24:41]} 49. Kf3 {[%clk 0:12:16]} Ke7
{[%clk 0:24:47]} 50. Re2 {[%clk 0:10:25]} Bd7 {[%clk 0:24:29]} 51. Kf2 {[%clk
0:08:54]} Be8 {[%clk 0:22:08]} 52. Ke1 {[%clk 0:07:59]} Bd7 {[%clk 0:20:13]}
53. Kd2 {[%clk 0:07:40]} Be8 {[%clk 0:16:40]} 54. Kc3 {[%clk 0:07:23]} Kf8
{[%clk 0:16:00]} 55. b3 {[%clk 0:05:17]} axb3 {[%clk 0:16:12]} 56. Rb2 {[%clk
0:05:03]} Re7 {[%clk 0:16:14]} 57. Rxb3 {[%clk 0:04:20]} 1/2-1/2

[Event "DVM U16 2022"]
[Site "Darmstadt GER"]
[Date "2022.12.27"]
[Round "1"]
[White "Nuñez Grégoire, Daniel"]
[Black "Bade, Deniz"]
[Result "1/2-1/2"]
[Termination "normal"]
[Board "6.4"]
[WhiteElo "1650"]
[BlackElo "1438"]
[WhiteClock "00:56:36"]
[BlackClock "00:01:26"]
[WhiteTeam "Stuttgarter SF 1879"]
[BlackTeam "SchachAkademiePaderborn e. V."]
[PlyCount "175"]
[WhiteFideId "34627103"]
[BlackFideId "34605959"]
[EventCountry "GER"]
[EventRounds "7"]
[EventType "team-swiss"]
[EventDate "2022.12.26"]

1. d4 {[%clk 1:30:57]} Nf6 {[%clk 1:30:54]} 2. c4 {[%clk 1:31:14]} c5 {[%clk
1:31:15]} 3. d5 {[%clk 1:31:27]} b5 {[%clk 1:31:40]} 4. e3 {[%clk 1:31:33]} g6
{[%clk 1:29:24]} 5. cxb5 {[%clk 1:29:16]} a6 {[%clk 1:29:17]} 6. Nc3 {[%clk
1:29:15]} Bg7 {[%clk 1:29:09]} 7. Nf3 {[%clk 1:28:55]} O-O {[%clk 1:29:10]} 8.
Be2 {[%clk 1:28:42]} d6 {[%clk 1:27:36]} 9. O-O {[%clk 1:28:52]} Nbd7 {[%clk
1:25:42]} 10. bxa6 {[%clk 1:28:27]} Bxa6 {[%clk 1:24:41]} 11. Bxa6 {[%clk
1:28:48]} Rxa6 {[%clk 1:25:07]} 12. Qc2 {[%clk 1:25:30]} Qa8 {[%clk 1:23:34]}
13. e4 {[%clk 1:25:10]} Ng4 {[%clk 1:21:53]} 14. h3 {[%clk 1:24:23]} Nge5
{[%clk 1:22:13]} 15. Nxe5 {[%clk 1:24:43]} Bxe5 {[%clk 1:20:20]} 16. a3 {[%clk
1:23:31]} c4 {[%clk 1:18:02]} 17. Be3 {[%clk 1:23:10]} Qb7 {[%clk 1:06:52]} 18.
Rab1 {[%clk 1:18:15]} Rb8 {[%clk 1:04:34]} 19. Rfd1 {[%clk 1:13:22]} Qb3 {[%clk
0:45:49]} 20. Qxb3 {[%clk 1:13:08]} Rxb3 {[%clk 0:46:02]} 21. Bd4 {[%clk
1:13:25]} Nc5 {[%clk 0:44:59]} 22. Bxc5 {[%clk 1:12:42]} dxc5 {[%clk 0:45:26]}
23. Rdc1 {[%clk 1:12:32]} Bxc3 {[%clk 0:34:09]} 24. Rxc3 {[%clk 1:12:54]} Rxc3
{[%clk 0:34:31]} 25. bxc3 {[%clk 1:13:19]} Rxa3 {[%clk 0:34:56]} 26. Rc1 {[%clk
1:13:40]} Ra2 {[%clk 0:34:08]} 27. Rb1 {[%clk 1:12:36]} Rc2 {[%clk 0:34:15]}
28. Rb5 {[%clk 1:12:59]} Rxc3 {[%clk 0:34:19]} 29. Rxc5 {[%clk 1:13:21]} Kg7
{[%clk 0:34:29]} 30. Kf1 {[%clk 1:13:04]} Kf6 {[%clk 0:31:55]} 31. Ke2 {[%clk
1:13:02]} Rc2 {[%clk 0:25:37]} 32. Ke3 {[%clk 1:12:59]} Ke5 {[%clk 0:20:12]}
33. f4 {[%clk 1:13:14]} Kd6 {[%clk 0:20:38]} 34. Rc6 {[%clk 1:13:21]} Kd7
{[%clk 0:21:03]} 35. Kf3 {[%clk 0:56:02]} h5 {[%clk 0:19:49]} 36. e5 {[%clk
0:54:49]} c3 {[%clk 0:17:03]} 37. Kg3 {[%clk 0:54:15]} Rc1 {[%clk 0:15:44]} 38.
Rc5 {[%clk 0:53:00]} c2 {[%clk 0:14:49]} 39. Kh2 {[%clk 0:50:38]} f6 {[%clk
0:14:01]} 40. g3 {[%clk 0:48:08]} fxe5 {[%clk 0:13:45]} 41. fxe5 {[%clk
0:48:16]} Rd1 {[%clk 0:10:10]} 42. Rxc2 {[%clk 0:48:18]} Rxd5 {[%clk 0:10:33]}
43. Kg2 {[%clk 0:48:20]} Rxe5 {[%clk 0:10:25]} 44. Kf3 {[%clk 0:48:32]} Ke6
{[%clk 0:08:00]} 45. Kf4 {[%clk 0:48:21]} Rf5 {[%clk 0:05:56]} 46. Ke4 {[%clk
0:48:24]} Kf6 {[%clk 0:05:52]} 47. h4 {[%clk 0:46:49]} Ra5 {[%clk 0:05:11]} 48.
Kf4 {[%clk 0:46:30]} Ra3 {[%clk 0:03:26]} 49. Rc6 {[%clk 0:43:47]} e6 {[%clk
0:03:16]} 50. Rb6 {[%clk 0:43:55]} Ra4 {[%clk 0:02:37]} 51. Kf3 {[%clk
0:44:05]} Kf5 {[%clk 0:01:29]} 52. Rb8 {[%clk 0:43:35]} Ra3 {[%clk 0:00:43]}
53. Kg2 {[%clk 0:43:19]} e5 {[%clk 0:30:12]} 54. Rb2 {[%clk 1:12:18]} Rd3
{[%clk 0:29:46]} 55. Rb4 {[%clk 1:10:56]} Rd4 {[%clk 0:28:50]} 56. Rb6 {[%clk
1:10:32]} Rd3 {[%clk 0:26:19]} 57. Kf2 {[%clk 1:10:27]} Rc3 {[%clk 0:24:01]}
58. Ra6 {[%clk 1:10:06]} Rc7 {[%clk 0:23:50]} 59. Ra5 {[%clk 1:09:31]} Rc2
{[%clk 0:20:13]} 60. Kf3 {[%clk 1:09:44]} Rc3 {[%clk 0:20:38]} 61. Kg2 {[%clk
1:07:31]} Ke4 {[%clk 0:19:33]} 62. Ra6 {[%clk 1:06:23]} Rc2 {[%clk 0:19:20]}
63. Kh3 {[%clk 1:05:23]} Kf5 {[%clk 0:16:56]} 64. Ra5 {[%clk 1:05:04]} Kf6
{[%clk 0:16:20]} 65. Ra6 {[%clk 1:04:48]} Kg7 {[%clk 0:16:18]} 66. Re6 {[%clk
1:04:44]} Re2 {[%clk 0:16:44]} 67. Ra6 {[%clk 1:04:37]} e4 {[%clk 0:16:50]} 68.
Re6 {[%clk 1:03:07]} Kf7 {[%clk 0:16:50]} 69. Re5 {[%clk 1:03:21]} Kf6 {[%clk
0:16:34]} 70. Re8 {[%clk 1:03:21]} Kf5 {[%clk 0:15:21]} 71. Rf8 {[%clk
1:03:24]} Ke5 {[%clk 0:15:39]} 72. Rg8 {[%clk 1:03:33]} Rc2 {[%clk 0:13:06]}
73. Rxg6 {[%clk 1:03:49]} e3 {[%clk 0:13:27]} 74. Rg8 {[%clk 1:02:25]} e2
{[%clk 0:13:02]} 75. Re8 {[%clk 1:02:28]} Kd4 {[%clk 0:13:25]} 76. Re7 {[%clk
0:59:52]} Rd2 {[%clk 0:11:47]} 77. Re8 {[%clk 0:59:26]} Kd3 {[%clk 0:09:21]}
78. g4 {[%clk 0:59:29]} Kd4 {[%clk 0:03:53]} 79. Kg3 {[%clk 0:56:31]} hxg4
{[%clk 0:03:36]} 80. Kxg4 {[%clk 0:56:47]} Kd3 {[%clk 0:00:52]} 81. h5 {[%clk
0:56:10]} Rd1 {[%clk 0:01:08]} 82. Kg5 {[%clk 0:54:38]} e1=Q {[%clk 0:00:42]}
83. Rxe1 {[%clk 0:54:58]} Rxe1 {[%clk 0:01:11]} 84. h6 {[%clk 0:55:15]} Ke4
{[%clk 0:00:56]} 85. h7 {[%clk 0:55:34]} Rh1 {[%clk 0:01:17]} 86. Kg6 {[%clk
0:55:54]} Rg1 {[%clk 0:01:08]} 87. Kf7 {[%clk 0:56:14]} Rh1 {[%clk 0:01:26]}
88. Kg7 {[%clk 0:56:36]} 1/2-1/2

[Event "DVM U16 2022"]
[Site "Darmstadt GER"]
[Date "2022.12.27"]
[Round "1"]
[White "Uhlmann, Tim"]
[Black "Englert, Luca"]
[Result "0-1"]
[Termination "normal"]
[Board "7.1"]
[WhiteElo "1745"]
[BlackElo "1967"]
[WhiteClock "00:28:15"]
[BlackClock "00:13:44"]
[WhiteTeam "SF Neureut 1953 e.V."]
[BlackTeam "VfB Schach Leipzig e.V."]
[PlyCount "128"]
[WhiteFideId "16239210"]
[BlackFideId "16293088"]
[EventCountry "GER"]
[EventRounds "7"]
[EventType "team-swiss"]
[EventDate "2022.12.26"]

1. e4 {[%clk 1:30:55]} c5 {[%clk 1:30:41]} 2. Nf3 {[%clk 1:31:16]} d6 {[%clk
1:31:05]} 3. d4 {[%clk 1:31:38]} cxd4 {[%clk 1:31:30]} 4. Nxd4 {[%clk 1:32:03]}
Nf6 {[%clk 1:31:52]} 5. Nc3 {[%clk 1:32:00]} a6 {[%clk 1:32:17]} 6. f3 {[%clk
1:32:11]} e5 {[%clk 1:32:35]} 7. Nb3 {[%clk 1:32:33]} Be6 {[%clk 1:32:53]} 8.
Bg5 {[%clk 1:31:57]} Nbd7 {[%clk 1:32:25]} 9. Nd5 {[%clk 1:31:28]} Bxd5 {[%clk
1:32:39]} 10. exd5 {[%clk 1:31:48]} Be7 {[%clk 1:32:54]} 11. Be3 {[%clk
1:31:19]} Rc8 {[%clk 1:32:29]} 12. Qd2 {[%clk 1:30:10]} Qc7 {[%clk 1:30:53]}
13. c3 {[%clk 1:29:55]} O-O {[%clk 1:24:41]} 14. h4 {[%clk 1:28:04]} e4 {[%clk
1:16:09]} 15. f4 {[%clk 1:25:11]} Nb6 {[%clk 1:14:48]} 16. Bxb6 {[%clk
1:20:08]} Qxb6 {[%clk 1:15:14]} 17. Be2 {[%clk 1:19:13]} a5 {[%clk 1:06:09]}
18. O-O-O {[%clk 1:11:38]} a4 {[%clk 0:59:50]} 19. Nd4 {[%clk 1:10:42]} Rfd8
{[%clk 0:43:02]} 20. Nf5 {[%clk 1:08:59]} Bf8 {[%clk 0:43:00]} 21. g4 {[%clk
1:07:50]} Rc5 {[%clk 0:40:19]} 22. Ne3 {[%clk 1:07:37]} Rdc8 {[%clk 0:39:51]}
23. g5 {[%clk 1:07:06]} Ne8 {[%clk 0:34:43]} 24. a3 {[%clk 1:06:03]} Qb3 {[%clk
0:32:47]} 25. Bc4 {[%clk 0:59:14]} Rxc4 {[%clk 0:31:28]} 26. Nxc4 {[%clk
0:59:33]} Rxc4 {[%clk 0:30:11]} 27. f5 {[%clk 0:49:32]} Nc7 {[%clk 0:23:16]}
28. Qc2 {[%clk 0:48:02]} Qxc2 {[%clk 0:19:08]} 29. Kxc2 {[%clk 0:48:25]} Be7
{[%clk 0:18:52]} 30. Rhe1 {[%clk 0:46:51]} h6 {[%clk 0:18:39]} 31. b3 {[%clk
0:43:00]} axb3 {[%clk 0:18:53]} 32. Kxb3 {[%clk 0:43:24]} b5 {[%clk 0:18:59]}
33. gxh6 {[%clk 0:43:47]} gxh6 {[%clk 0:17:11]} 34. Rd4 {[%clk 0:40:25]} Rxd4
{[%clk 0:17:01]} 35. cxd4 {[%clk 0:40:49]} Bxh4 {[%clk 0:16:44]} 36. Rxe4
{[%clk 0:41:05]} Bg5 {[%clk 0:16:57]} 37. Kc2 {[%clk 0:40:13]} Kg7 {[%clk
0:17:04]} 38. Re1 {[%clk 0:39:34]} Kf6 {[%clk 0:17:27]} 39. Kd3 {[%clk
0:39:32]} Kxf5 {[%clk 0:17:41]} 40. Rb1 {[%clk 0:37:45]} h5 {[%clk 0:15:41]}
41. a4 {[%clk 0:37:18]} bxa4 {[%clk 0:16:06]} 42. Rb7 {[%clk 0:37:43]} Bd8
{[%clk 0:15:29]} 43. Ra7 {[%clk 0:37:42]} Kg4 {[%clk 0:14:32]} 44. Rxa4 {[%clk
0:37:16]} f5 {[%clk 0:12:09]} 45. Ke2 {[%clk 0:37:15]} h4 {[%clk 0:12:09]} 46.
Kf2 {[%clk 0:37:11]} h3 {[%clk 0:11:46]} 47. Kg1 {[%clk 0:35:11]} Nxd5 {[%clk
0:10:05]} 48. Kh2 {[%clk 0:33:35]} Bg5 {[%clk 0:10:20]} 49. Ra5 {[%clk
0:31:55]} Bf4 {[%clk 0:10:32]} 50. Kh1 {[%clk 0:31:26]} Ne3 {[%clk 0:10:13]}
51. Ra1 {[%clk 0:31:30]} Kf3 {[%clk 0:10:28]} 52. Ra3 {[%clk 0:30:12]} Ke4
{[%clk 0:10:46]} 53. Ra4 {[%clk 0:30:08]} d5 {[%clk 0:11:00]} 54. Kg1 {[%clk
0:29:20]} h2 {[%clk 0:10:53]} 55. Kh1 {[%clk 0:29:41]} Ng4 {[%clk 0:11:18]} 56.
Ra2 {[%clk 0:29:49]} Kxd4 {[%clk 0:11:31]} 57. Ra4 {[%clk 0:29:56]} Ke3 {[%clk
0:11:38]} 58. Ra3 {[%clk 0:30:21]} Ke4 {[%clk 0:12:04]} 59. Ra2 {[%clk
0:30:21]} d4 {[%clk 0:12:23]} 60. Re2 {[%clk 0:29:43]} Kd5 {[%clk 0:12:45]} 61.
Kg2 {[%clk 0:29:53]} d3 {[%clk 0:12:41]} 62. Re1 {[%clk 0:27:34]} d2 {[%clk
0:13:08]} 63. Ra1 {[%clk 0:27:58]} Ne3 {[%clk 0:13:31]} 64. Kf2 {[%clk
0:28:15]} d1=N {[%clk 0:13:44]} 0-1

[Event "DVM U16 2022"]
[Site "Darmstadt GER"]
[Date "2022.12.27"]
[Round "1"]
[White "Schön, Florian"]
[Black "Scheinmaier, Mark"]
[Result "1-0"]
[Termination "normal"]
[Board "7.2"]
[WhiteElo "1730"]
[BlackElo "1557"]
[WhiteClock "00:22:30"]
[BlackClock "00:22:40"]
[WhiteTeam "VfB Schach Leipzig e.V."]
[BlackTeam "SF Neureut 1953 e.V."]
[PlyCount "113"]
[WhiteFideId "16259394"]
[BlackFideId "16238958"]
[EventCountry "GER"]
[EventRounds "7"]
[EventType "team-swiss"]
[EventDate "2022.12.26"]

1. e4 {[%clk 1:30:58]} c5 {[%clk 1:30:31]} 2. Nc3 {[%clk 1:31:01]} a6 {[%clk
1:30:50]} 3. Nf3 {[%clk 1:30:47]} Nc6 {[%clk 1:30:15]} 4. d4 {[%clk 1:31:11]}
cxd4 {[%clk 1:29:43]} 5. Nxd4 {[%clk 1:31:38]} e5 {[%clk 1:28:17]} 6. Nf5
{[%clk 1:27:56]} d6 {[%clk 1:26:37]} 7. Ne3 {[%clk 1:27:45]} Nf6 {[%clk
1:20:41]} 8. a4 {[%clk 1:26:13]} Be6 {[%clk 1:18:10]} 9. Bc4 {[%clk 1:22:56]}
Rc8 {[%clk 1:11:04]} 10. O-O {[%clk 1:17:54]} Nd4 {[%clk 0:58:49]} 11. Ba2
{[%clk 0:56:13]} b5 {[%clk 0:55:47]} 12. axb5 {[%clk 0:45:37]} axb5 {[%clk
0:56:05]} 13. Qd3 {[%clk 0:45:01]} b4 {[%clk 0:52:19]} 14. Ncd5 {[%clk
0:43:43]} Nd7 {[%clk 0:50:25]} 15. Nxb4 {[%clk 0:37:12]} Nc5 {[%clk 0:50:06]}
16. Qd1 {[%clk 0:37:30]} Nxe4 {[%clk 0:43:45]} 17. c3 {[%clk 0:36:07]} Nb5
{[%clk 0:40:22]} 18. Bxe6 {[%clk 0:28:33]} fxe6 {[%clk 0:40:18]} 19. Qe2 {[%clk
0:28:21]} Nc7 {[%clk 0:37:31]} 20. Nc4 {[%clk 0:26:57]} d5 {[%clk 0:30:09]} 21.
Nc6 {[%clk 0:24:52]} Qf6 {[%clk 0:27:14]} 22. Nb6 {[%clk 0:23:56]} Bc5 {[%clk
0:26:09]} 23. Nxc8 {[%clk 0:24:07]} O-O {[%clk 0:16:57]} 24. Be3 {[%clk
0:22:13]} Rxc8 {[%clk 0:15:53]} 25. Bxc5 {[%clk 0:19:07]} Nxc5 {[%clk 0:15:43]}
26. Qxe5 {[%clk 0:19:16]} Qxe5 {[%clk 0:11:36]} 27. Nxe5 {[%clk 0:19:43]} Rb8
{[%clk 0:11:40]} 28. Ra2 {[%clk 0:16:36]} Nb3 {[%clk 0:10:39]} 29. Ra7 {[%clk
0:14:44]} Ne8 {[%clk 0:08:51]} 30. Re7 {[%clk 0:12:17]} Nf6 {[%clk 0:08:29]}
31. Re1 {[%clk 0:11:27]} Nd2 {[%clk 0:08:26]} 32. Nd3 {[%clk 0:10:49]} d4
{[%clk 0:06:57]} 33. cxd4 {[%clk 0:08:20]} Rd8 {[%clk 0:07:17]} 34. Rd1 {[%clk
0:07:05]} Nc4 {[%clk 0:04:08]} 35. b3 {[%clk 0:06:44]} Na5 {[%clk 0:03:51]} 36.
Nc5 {[%clk 0:06:57]} Nc6 {[%clk 0:03:25]} 37. Rxe6 {[%clk 0:05:44]} Nxd4 {[%clk
0:03:29]} 38. Ree1 {[%clk 0:06:05]} Rd5 {[%clk 0:03:17]} 39. b4 {[%clk
0:05:43]} Kf7 {[%clk 0:02:34]} 40. Kf1 {[%clk 0:05:12]} Nc2 {[%clk 0:02:36]}
41. Rxd5 {[%clk 0:02:41]} Nxd5 {[%clk 0:02:45]} 42. Rd1 {[%clk 0:02:03]} Ncxb4
{[%clk 0:01:53]} 43. Na6 {[%clk 0:00:35]} Nxa6 {[%clk 0:01:29]} 44. Rxd5 {[%clk
0:01:02]} Nb4 {[%clk 0:01:41]} 45. Rd6 {[%clk 0:01:07]} Na2 {[%clk 0:01:32]}
46. Ke2 {[%clk 0:00:37]} Ke7 {[%clk 0:00:59]} 47. Rb6 {[%clk 0:29:04]} Nc3
{[%clk 0:31:08]} 48. Kf3 {[%clk 0:27:38]} Nd5 {[%clk 0:29:14]} 49. Rc6 {[%clk
0:27:52]} Kf7 {[%clk 0:29:03]} 50. Ke4 {[%clk 0:27:09]} Nf6 {[%clk 0:29:13]}
51. Kf5 {[%clk 0:26:39]} g6 {[%clk 0:23:41]} 52. Kg5 {[%clk 0:26:03]} Ne4
{[%clk 0:23:54]} 53. Kh6 {[%clk 0:26:11]} Nxf2 {[%clk 0:23:44]} 54. h3 {[%clk
0:23:34]} Nd3 {[%clk 0:23:30]} 55. Kxh7 {[%clk 0:22:47]} Nf4 {[%clk 0:22:59]}
56. Rc2 {[%clk 0:22:33]} g5 {[%clk 0:22:40]} 57. Rf2 {[%clk 0:22:30]} 1-0

[Event "DVM U16 2022"]
[Site "Darmstadt GER"]
[Date "2022.12.27"]
[Round "1"]
[White "Sanmugalingam, Kapirththan"]
[Black "Widmann, Maximilian"]
[Result "1-0"]
[Termination "normal"]
[Board "7.3"]
[WhiteElo "1693"]
[BlackElo "1582"]
[WhiteClock "00:15:16"]
[BlackClock "00:00:36"]
[WhiteTeam "SF Neureut 1953 e.V."]
[BlackTeam "VfB Schach Leipzig e.V."]
[PlyCount "66"]
[WhiteFideId "34622950"]
[BlackFideId "16281691"]
[EventCountry "GER"]
[EventRounds "7"]
[EventType "team-swiss"]
[EventDate "2022.12.26"]

1. e4 {[%clk 1:30:55]} c6 {[%clk 1:30:53]} 2. c4 {[%clk 1:30:04]} d5 {[%clk
1:28:04]} 3. cxd5 {[%clk 1:30:19]} cxd5 {[%clk 1:27:12]} 4. exd5 {[%clk
1:30:37]} Qxd5 {[%clk 1:24:52]} 5. Nf3 {[%clk 1:30:30]} Nf6 {[%clk 1:22:38]} 6.
Nc3 {[%clk 1:30:40]} Qa5 {[%clk 1:20:51]} 7. d4 {[%clk 1:29:53]} e6 {[%clk
1:18:00]} 8. Bd2 {[%clk 1:26:52]} Be7 {[%clk 1:08:21]} 9. Rc1 {[%clk 1:11:05]}
Na6 {[%clk 0:57:07]} 10. Ne4 {[%clk 0:55:31]} Qb6 {[%clk 0:51:53]} 11. Nxf6
{[%clk 0:53:24]} Bxf6 {[%clk 0:51:05]} 12. Bc3 {[%clk 0:49:18]} O-O {[%clk
0:47:19]} 13. Bd3 {[%clk 0:44:19]} Rd8 {[%clk 0:39:16]} 14. Qd2 {[%clk
0:41:25]} Qd6 {[%clk 0:34:18]} 15. Ng5 {[%clk 0:34:29]} Qe7 {[%clk 0:23:15]}
16. Nf3 {[%clk 0:23:05]} e5 {[%clk 0:09:06]} 17. dxe5 {[%clk 0:19:25]} Nc5
{[%clk 0:06:29]} 18. O-O {[%clk 0:18:57]} Rxd3 {[%clk 0:05:25]} 19. exf6 {[%clk
0:17:55]} Qd8 {[%clk 0:03:16]} 20. Qg5 {[%clk 0:17:09]} g6 {[%clk 0:02:37]} 21.
Qxc5 {[%clk 0:16:39]} Be6 {[%clk 0:02:34]} 22. a3 {[%clk 0:15:14]} b6 {[%clk
0:01:43]} 23. Qg5 {[%clk 0:14:48]} Rc8 {[%clk 0:01:06]} 24. Qh6 {[%clk
0:14:52]} Qf8 {[%clk 0:01:18]} 25. Qxf8 {[%clk 0:14:56]} Kxf8 {[%clk 0:01:27]}
26. Bb4 {[%clk 0:15:12]} Ke8 {[%clk 0:01:26]} 27. Rxc8 {[%clk 0:15:26]} Bxc8
{[%clk 0:01:53]} 28. Re1 {[%clk 0:15:29]} Kd8 {[%clk 0:02:05]} 29. Ne5 {[%clk
0:15:20]} Rd5 {[%clk 0:01:38]} 30. Nxf7 {[%clk 0:15:23]} Kc7 {[%clk 0:01:52]}
31. h3 {[%clk 0:15:19]} Rf5 {[%clk 0:01:13]} 32. Nd6 {[%clk 0:15:22]} Rf4
{[%clk 0:00:56]} 33. Re7 {[%clk 0:15:16]} Kd8 {[%clk 0:00:36]} 1-0